The public archaeology of treasure /

Select proceedings of the 5th University of Chester Archaeology Student Conference (31st January 2020) reflect on the shifting and conflicting meanings, values and significances for treasure in archaeology's public engagements, interactions, and manifestations.

محفوظ في:

مؤلف مشترك: Archaeology Student Conference University of Chester)

مؤلفون آخرون: Williams, Howard, 1972- (المحرر), Reavill, Peter (المحرر), Clague, Samuel (المحرر)

التنسيق: وقائع المؤتمر كتاب الكتروني

اللغة: English

منشور في: summertown, Oxford : Archaeopress Publishing Ltd, [2022]

سلاسل: Access archaeology.

الموضوعات:

الوصول للمادة أونلاين: Login to view Source

الوسوم: إضافة وسم

لا توجد وسوم, كن أول من يضع وسما على هذه التسجيلة!

رقم الطلب: CC77.C66

LEADER 02177nam a2200493 i 4500
001 EDZ0002889477
003 StDuBDS
005 20230412183437.0
006 m|||||o||d||||||||
007 cr |||||||||||
008 220920t20222022enka fob 100|0|eng|d
020 |a 9781803273112 (PDF ebook) :  |c No price 
040 |a StDuBDS  |b eng  |c StDuBDS  |e rda  |e pn 
050 4 |a CC77.C66 
082 0 4 |a 930.1  |2 23 
111 2 |a Archaeology Student Conference  |n (5th :  |d 2020 :  |c University of Chester),  |j creator. 
245 1 4 |a The public archaeology of treasure /  |c edited by Howard Williams, Peter Reavill and Samuel Clague. 
264 1 |a summertown, Oxford :  |b Archaeopress Publishing Ltd,  |c [2022] 
264 4 |c ©2022 
300 |a 1 online resource (vi, 196 pages) :  |b illustrations (black and white, and colour). 
336 |a text  |2 rdacontent 
336 |a still image  |2 rdacontent 
337 |a computer  |2 rdamedia 
338 |a online resource  |2 rdacarrier 
490 1 |a Access archaeology 
500 |a Also issued in print: 2022. 
500 |a Selected conference papers. 
504 |a Includes bibliographical references. 
506 0 |a Open access. 
520 8 |a Select proceedings of the 5th University of Chester Archaeology Student Conference (31st January 2020) reflect on the shifting and conflicting meanings, values and significances for treasure in archaeology's public engagements, interactions, and manifestations. 
521 |a Specialized. 
588 |a Description based on online resource; title from PDF title page (viewed on September 23, 2022). 
650 0 |a Community archaeology  |v Congresses. 
650 0 |a Treasure troves  |v Congresses. 
700 1 |a Williams, Howard,  |d 1972-  |e editor. 
700 1 |a Reavill, Peter,  |e editor. 
700 1 |a Clague, Samuel,  |e editor. 
710 2 |a University of Chester,  |e host institution. 
776 0 8 |i Print version :  |z 9781803273105 
830 0 |a Access archaeology. 
856 4 0 |u http://library.arce.org:8087/Archaeopress/Products/9781803273105 
942 |2 lcc  |c EBOOK 
952 |0 0  |1 0  |4 0  |6 CC0077 C66  |7 1  |9 46996  |a ARCH  |b ARCH  |d 2023-04-12  |l 0  |o CC77.C66  |r 2023-04-12 00:00:00  |w 2023-04-12  |y EBOOK 
999 |c 52654  |d 52654